| 000 | 00854nam a22002297a 4500 | ||
|---|---|---|---|
| 008 | 081119t xxu||||| |||| 00| 0 eng d | ||
| 010 | _aENG-91653 | ||
| 020 |
_a9788190719841 _c700.00 |
||
| 035 | _aEN-75186 | ||
| 037 | _bDBAD / PUB | ||
| 040 |
_adpl _bEnglish |
||
| 082 | _a341.23 | ||
| 245 |
_aUnited nations: _cedited by Mahendra Gaur _bfor a better world / |
||
| 260 |
_aNew Delhi _bAlfa Publications _c2009 |
||
| 270 |
_a4398/5, Ansari Road, Daryaganj, _bNew Delhi _e110002 |
||
| 300 |
_avi, 271p. _c22cm (Hb) |
||
| 610 | _aUnited Nations. | ||
| 650 | _aInternational relations. | ||
| 700 | _aGaur, Mahendra | ||
| 942 |
_2ddc _cEN _mGAU _h341.23 |
||
| 999 |
_c18675 _d18675 |
||